000 00788nam a22002417a 4500
005 20170124105950.0
010 _a892590
020 _c00.00
035 _a892590
037 _bCen Lib/Ret
040 _aDPL
_bEN
082 _a230.1
_bBHA
100 _aBattahcharji, Sukhmari
_913290
245 _aThe indian theogony :
_cby Sukumari Bhattacharji
_ba comparative study of indian mythology from the vedas to the puranas /
246 _b
260 _bFirma KLM Private Ltd.
_c1978
_aCalcutta
270 _bCalcutta
_a257 B, B.B. Ganguly Street
_e700012
300 _axiii,395p.
_c20cm(Hb)
500 _aIncludes Bibliographical references and index.
650 _aHindu gods.
_910248
650 _aHindu mythology.
_979982
942 _2ddc
_cEN
_h230.1
_mBHA
999 _c125179
_d125179